书目信息 |
| 题名: |
结构塑性动力学引论
|
|
| 作者: | 余同希 , 华云龙 著 | |
| 分册: | ||
| 出版信息: | 合肥 中国科学技术大学出版社 1994.10 |
|
| 页数: | 239页 | |
| 开本: | 32开 | |
| 丛书名: | ||
| 单 册: | ||
| 中图分类: | O344 | |
| 科图分类: | ||
| 主题词: | 固体力学 | |
| 电子资源: | ||
| ISBN: | 7-312-00594-2 | |
| 000 | 00601nam0 2200205 45 | |
| 001 | 0008081632 | |
| 005 | 20000808161410.0 | |
| 010 | @a7-312-00594-2@d9.00元 | |
| 100 | @a20000808d1994 km y0chiy0120 ea | |
| 101 | 0 | @achi |
| 105 | @a z 000yy | |
| 200 | 1 | @a结构塑性动力学引论@AJie Gou Su Xing Dong Li Xue Yin Lun@f余同希,华云龙著@FYu Tong Xi,Hua Yun Long Zhu |
| 210 | @a合肥@c中国科学技术大学出版社@d1994.10 | |
| 215 | @a239页@d32开 | |
| 606 | 0 | @a固体力学 |
| 690 | @aO344@v3 | |
| 701 | 0 | @a余同希@4著 |
| 701 | 0 | @a华云龙@4著 |
| 801 | @aCN@bPftUser@c20000808 | |
| 905 | @b93207-211@dO344@eY900@f5 | |
| 结构塑性动力学引论/余同希,华云龙著.-合肥:中国科学技术大学出版社,1994.10 |
| 239页;32开 |
| ISBN 7-312-00594-2:9.00元 |
| ● |
| 相关链接 |
|
|
|
正题名:结构塑性动力学引论
索取号:O344/Y900
 
预约/预借
| 序号 | 登录号 | 条形码 | 馆藏地/架位号 | 状态 | 备注 |
| 1 | 93207 | 200932072 | 自科库401/401自科库 53排2列1层/ [索取号:O344/Y900] | 在馆 | |
| 2 | 93208 | 200932081 | 自科二线504/504自科库 48排5列1层/ [索取号:O344/Y900] | 在馆 | |
| 3 | 93209 | 200932090 | 自科二线504/504自科库 48排5列1层/ [索取号:O344/Y900] | 在馆 | |
| 4 | 93210 | 200932107 | 自科库401/401自科库 53排2列1层/ [索取号:O344/Y900] | 在馆 | |
| 5 | 93211 | 200932116 | 自科库401/401自科库 53排2列1层/ [索取号:O344/Y900] | 在馆 |